000 00398nam a22001697a 4500
003 LK-CoMWRAF
005 20231120145307.0
008 231120b |||||||| |||| 00| 0 eng d
040 _aLK-CoMWRAF
_dLK-CoMWRAF
_eLK-CoMWRAF
041 _aeng
082 _a824
_bLAH
100 _aLahiri-Ganguli
245 _aBacon's essays
260 _aAgra :
_bLakshmi narain,
650 _aEssays
942 _cBK
999 _c4169
_d4169